[Event "Graz Casino Open 2014"]
[Site "Graz AUT"]
[Date "2014.02.16"]
[Round "3.15"]
[White "Martinez Reyes, Pedro Ramon"]
[Black "Gutmann, Alois"]
[Result "1/2-1/2"]
[WhiteTitle "CM"]
[WhiteElo "2266"]
[BlackElo "2050"]
[WhiteFideId "3901807"]
[BlackFideId "1614983"]
[EventDate "2014.02.14"]

1. Nf3 Nf6 2. g3 g6 3. Bg2 Bg7 4. O-O O-O 5. c4 d5 6. d4 c6 7. cxd5 cxd5 8. Ne5
Nc6 9. Nxc6 bxc6 10. Nc3 Nd7 11. e4 e6 12. Be3 a5 13. Rc1 Ba6 14. Re1 Qb6 15.
Na4 Qb7 16. Qd2 Rfc8 17. Bh6 Bxh6 18. Qxh6 Qb4 19. b3 Qxd4 20. Qf4 Qb4 21. Re3
e5 22. Qg4 d4 23. Ree1 Rc7 24. Bf1 d3 25. Red1 f5 26. Qf3 fxe4 27. Qe3 c5 28.
Bg2 Rac8 29. Nc3 Qd4 30. Bxe4 Nf6 31. Bxd3 Qxe3 32. fxe3 Bxd3 33. Rxd3 c4 34.
bxc4 Rxc4 35. Rf1 Rxc3 36. Rxc3 Rxc3 37. Rxf6 Rxe3 38. Ra6 Ra3 39. Re6 Rxa2 40.
Rxe5 Kf7 41. Rb5 Kf6 42. h4 h5 43. Rc5 a4 44. Ra5 a3 45. Kh1 Ke6 46. Kg1 Kd6 47.
Kf1 Kc6 48. Ke1 Kb6 49. Ra8 Kc5 50. Kd1 Kd4 51. Kc1 Ke4 52. Ra6 Kf3 53. Kb1 Rg2
54. Rxg6 Rxg3 55. Rg5 Rxg5 56. hxg5 h4 57. g6 h3 58. g7 h2 59. g8=Q h1=Q+ 60.
Ka2 Qg2+ 61. Qxg2+ Kxg2 62. Kxa3 1/2-1/2

[Event "Graz Casino Open 2014"]
[Site "Graz AUT"]
[Date "2014.02.16"]
[Round "3.16"]
[White "Wieser, Andreas1"]
[Black "Aschenbrenner, Robert"]
[Result "0-1"]
[BlackTitle "FM"]
[WhiteElo "2107"]
[BlackElo "2265"]
[WhiteFideId "1612174"]
[BlackFideId "1608797"]
[EventDate "2014.02.14"]

1. e4 c5 2. Nf3 d6 3. d4 cxd4 4. Nxd4 Nf6 5. Nc3 g6 6. Be3 Bg7 7. Be2 a6 8. O-O
b5 9. f3 Bb7 10. a3 O-O 11. Kh1 Nbd7 12. Qd2 Rc8 13. Bh6 Ne5 14. Bxg7 Kxg7 15.
Rad1 Qc7 16. Rfe1 Nc4 17. Bxc4 Qxc4 18. Qd3 Qxd3 19. cxd3 e6 20. Kg1 Rc7 21. Kf2
Nd7 22. Ke2 Nb6 23. Kd2 e5 24. Nc2 f6 25. Ne3 Kf7 26. Rc1 Rfc8 27. b4 Ke6 28.
Ne2 f5 29. Rxc7 Rxc7 30. Rc1 Rxc1 31. Nxc1 f4 32. Nf1 h5 33. Nb3 Kf6 34. Na5 Bc8
35. Nc6 g5 36. h3 g4 37. hxg4 hxg4 38. fxg4 Bxg4 39. Nh2 Bc8 40. Nf3 Bb7 41. Na5
Ba8 42. Ke2 d5 43. Nd2 dxe4 44. Nxe4+ Bxe4 45. dxe4 Kg5 46. Nc6 Nc4 47. Kf3 Kf6
48. g3 Nd2+ 49. Ke2 fxg3 50. Nb8 Kg5 51. Nxa6 Kg4 52. Nc5 g2 53. Kf2 Kh3 0-1

[Event "Graz Casino Open 2014"]
[Site "Graz AUT"]
[Date "2014.02.16"]
[Round "3.17"]
[White "Jakits, Leopold"]
[Black "Singer, Richard"]
[Result "0-1"]
[BlackTitle "FM"]
[WhiteElo "2061"]
[BlackElo "2247"]
[WhiteFideId "1616862"]
[BlackFideId "1602810"]
[EventDate "2014.02.14"]

1. c4 Nf6 2. g3 g6 3. Bg2 Bg7 4. Nc3 O-O 5. d4 d6 6. Nf3 Nc6 7. e4 Bg4 8. O-O
Nd7 9. Be3 a6 10. Qd2 Rb8 11. Ne1 Nb6 12. b3 e5 13. d5 Nd4 14. f3 Bc8 15. Ne2
Nxe2+ 16. Qxe2 Nd7 17. Nd3 b6 18. b4 f5 19. Rab1 fxe4 20. fxe4 Rxf1+ 21. Rxf1
Nf6 22. Nf2 Qe8 23. Qc2 c5 24. bxc5 bxc5 25. Rb1 Bd7 26. Bh3 Bxh3 27. Rxb8 Qxb8
28. Nxh3 h5 29. Bd2 Ng4 30. Qb3 Qf8 31. Kg2 Bh6 32. Bxh6 Qxh6 33. Qc3 Qe3 34.
Qc2 Kg7 35. Ng1 Nf6 36. Qe2 Qxe2+ 37. Nxe2 Nxe4 0-1

[Event "Graz Casino Open 2014"]
[Site "Graz AUT"]
[Date "2014.02.16"]
[Round "3.18"]
[White "Hapala, Lisa"]
[Black "Sadilek, Peter"]
[Result "1/2-1/2"]
[BlackTitle "FM"]
[WhiteElo "2054"]
[BlackElo "2244"]
[WhiteFideId "1622080"]
[BlackFideId "1616439"]
[EventDate "2014.02.14"]

1. e4 c5 2. Nf3 g6 3. d4 cxd4 4. Nxd4 Nc6 5. Nc3 Bg7 6. Be3 Nf6 7. Bc4 Qa5 8.
O-O O-O 9. Nb3 Qc7 10. Bg5 a6 11. Be2 d6 12. Bxf6 exf6 13. Nd5 Qd8 14. c3 Re8
15. Bd3 Ne5 16. Be2 f5 17. exf5 Bxf5 18. f4 Nc6 19. Bf3 Rc8 20. Qd2 b5 21. a4
bxa4 22. Rxa4 a5 23. Ne3 Qb6 24. Nd4 Nxd4 25. cxd4 Qb3 26. Ra3 Qb4 27. Rd1 Be4
28. Nd5 Bxd5 29. Bxd5 Qxd2 30. Rxd2 Rb8 31. Rxa5 Rxb2 32. Rxb2 Bxd4+ 33. Kf1
Bxb2 34. Ra7 Rf8 35. Ra6 Rd8 36. Ra7 Rf8 37. Ra6 1/2-1/2

[Event "Graz Casino Open 2014"]
[Site "Graz AUT"]
[Date "2014.02.16"]
[Round "3.19"]
[White "Wittmann, Walter"]
[Black "Froewis, Annika"]
[Result "1/2-1/2"]
[WhiteTitle "IM"]
[WhiteElo "2218"]
[BlackElo "2021"]
[WhiteFideId "1600060"]
[BlackFideId "1621432"]
[EventDate "2014.02.14"]

1. e4 e5 2. Nf3 Nc6 3. Bb5 a6 4. Bxc6 dxc6 5. O-O Be6 6. b3 c5 7. Bb2 f6 8. c3
Qd3 9. Re1 O-O-O 10. Re3 Qd7 11. Qc2 g5 12. Ne1 Bd6 13. Na3 Ne7 14. Rc1 Rhf8 15.
Nc4 Kb8 16. Nxd6 Qxd6 17. Rd1 Qb6 18. Rd3 Rde8 19. Re3 Rd8 20. Rd3 Rde8 21. Re3
Rd8 1/2-1/2

[Event "Graz Casino Open 2014"]
[Site "Graz AUT"]
[Date "2014.02.16"]
[Round "3.20"]
[White "Legenstein, Robert"]
[Black "Neuschmied, Siegfried"]
[Result "0-1"]
[BlackTitle "FM"]
[WhiteElo "2050"]
[BlackElo "2212"]
[WhiteFideId "1619667"]
[BlackFideId "1602446"]
[EventDate "2014.02.14"]

1. e4 g6 2. d4 Bg7 3. Nc3 d6 4. f4 Nf6 5. Nf3 O-O 6. Bd3 Na6 7. O-O c5 8. d5 Nc7
9. a4 Rb8 10. a5 b5 11. axb6 axb6 12. Qe2 Bd7 13. Nd1 b5 14. c3 Ra8 15. Rxa8
Qxa8 16. b3 Re8 17. Qc2 Na6 18. Nf2 Qc8 19. Qe2 Qb7 20. Bb2 Nc7 21. Ra1 e6 22.
dxe6 Nxe6 23. g3 Bc6 24. Nd2 Nc7 25. Re1 Nfd5 26. Nb1 Nf6 27. Nd2 Nxe4 28. Ndxe4
d5 29. Qc2 c4 30. Nf6+ Bxf6 31. Rxe8+ Nxe8 32. Bf1 Nd6 33. Bg2 h5 34. bxc4 bxc4
35. Nd1 Nf5 36. Qf2 Qb3 37. Qe2 Qa2 38. Kf1 Qb1 39. Kf2 Bd8 40. Ke1 Bf6 41. Bf3
Kg7 42. Kf2 Ba4 43. Qd2 Bc2 44. Be2 Be4 45. Qc1 Qa2 46. Kf1 Qa7 47. Qd2 Be7 48.
Nf2 Ne3+ 49. Ke1 Bf5 50. Bc1 Nc2+ 51. Kf1 Bc5 52. Bd1 Ne3+ 53. Ke1 Qa5 54. Bb2
d4 55. Ke2 d3+ 56. Ke1 Qa8 57. Bc1 Qg2 0-1

[Event "Graz Casino Open 2014"]
[Site "Graz AUT"]
[Date "2014.02.16"]
[Round "3.21"]
[White "Bachler, Reinhard"]
[Black "Weinberger, Simon"]
[Result "1/2-1/2"]
[WhiteElo "2205"]
[BlackElo "2008"]
[WhiteFideId "1600273"]
[BlackFideId "1618202"]
[EventDate "2014.02.14"]

1. f4 g6 2. Nf3 Bg7 3. g3 Nf6 4. Bg2 O-O 5. O-O c5 6. d3 d5 7. Qe1 d4 8. c4 Nc6
9. Na3 e5 10. Nxe5 Nxe5 11. fxe5 Ng4 12. e6 Bxe6 13. Bxb7 Rb8 14. Bd5 Bxd5 15.
cxd5 Qxd5 16. b3 Rfe8 17. Nc4 Qh5 18. h4 Re6 19. Bf4 Rbe8 20. Nd6 R8e7 21. Ne4
f5 22. Nxc5 Rxe2 23. Qb4 Nh2 24. Qc4+ Kh8 25. Ne4 h6 26. Nd2 Rxd2 27. Bxd2 Nf3+
28. Rxf3 Qxf3 29. Re1 Qxg3+ 30. Kf1 Qh3+ 31. Kg1 Rxe1+ 32. Bxe1 f4 33. Qf7 Qg4+
34. Kf1 h5 35. Qxa7 Qf3+ 1/2-1/2

[Event "Graz Casino Open 2014"]
[Site "Graz AUT"]
[Date "2014.02.16"]
[Round "3.22"]
[White "Perhinig, Robert"]
[Black "Wiener, Alexander"]
[Result "1-0"]
[WhiteTitle "FM"]
[WhiteElo "2273"]
[BlackElo "1808"]
[WhiteFideId "1602888"]
[BlackFideId "1636081"]
[EventDate "2014.02.14"]

1. d4 d5 2. c4 c6 3. Nc3 Nf6 4. Nf3 e6 5. cxd5 exd5 6. Bg5 Nbd7 7. e3 Qa5 8. Nd2
Bb4 9. Qc2 O-O 10. Bd3 Re8 11. O-O h6 12. Bh4 a6 13. a3 Bf8 14. b4 Qd8 15. Nf3
g5 16. Bg3 Nh5 17. Be5 Bg7 18. Bxg7 Nxg7 19. a4 g4 20. Nd2 Nf6 21. Nb3 Rb8 22.
b5 axb5 23. axb5 Qd6 24. Nc5 h5 25. Rfb1 h4 26. Ne2 h3 27. g3 b6 28. Na6 Bxa6
29. Rxa6 c5 30. dxc5 Qxc5 31. Qxc5 1-0

[Event "Graz Casino Open 2014"]
[Site "Graz AUT"]
[Date "2014.02.16"]
[Round "3.23"]
[White "Perdomo Araujo, Angel Eduardo"]
[Black "Titz, Heimo"]
[Result "1/2-1/2"]
[BlackTitle "FM"]
[WhiteElo "2010"]
[BlackElo "2165"]
[WhiteFideId "3902528"]
[BlackFideId "1601520"]
[EventDate "2014.02.14"]

1. a3 c5 2. e3 Nf6 3. Nf3 g6 4. Be2 Bg7 5. O-O O-O 6. d4 cxd4 7. exd4 d5 8. c3
Nc6 9. Bf4 Qb6 10. Qc1 Bg4 11. Nbd2 Rac8 12. h3 Bxf3 13. Nxf3 Na5 14. Qc2 a6 15.
Bd3 Qb3 16. Qe2 e6 17. Ne5 Nc4 18. Bxc4 dxc4 19. Rad1 Nd5 20. Bc1 Qa4 21. Rfe1
Rfe8 22. Qf3 Re7 23. Ng4 f6 24. Rd2 Qd7 25. Rde2 Rce8 26. Ne3 Nxe3 27. Bxe3 Qd5
28. Qxd5 exd5 29. Kf1 Kf7 30. Bf4 Rxe2 31. Rxe2 Rxe2 32. Kxe2 Ke6 33. g4 Bf8 34.
Kd2 Kd7 35. Kc2 Kc6 36. a4 b5 37. axb5+ Kxb5 38. f3 a5 39. Bc7 a4 40. Bd8 f5 41.
Bg5 fxg4 42. fxg4 Kc6 43. Be3 Kd7 44. Bf4 Ke6 45. Bg5 h6 46. Bf4 h5 47. Kd1 hxg4
48. hxg4 Kf6 49. Ke2 Ke6 50. Be3 Kd7 51. Kd1 Bd6 52. Bg5 Ke6 53. Ke2 Bg3 54. Kf3
Bd6 55. Ke2 a3 56. bxa3 Bxa3 57. Kd1 Bd6 1/2-1/2

[Event "Graz Casino Open 2014"]
[Site "Graz AUT"]
[Date "2014.02.16"]
[Round "3.24"]
[White "Pretterhofer, Kiaras"]
[Black "Stagl, Marco"]
[Result "0-1"]
[WhiteElo "2005"]
[BlackElo "2155"]
[WhiteFideId "1618768"]
[BlackFideId "1604724"]
[EventDate "2014.02.14"]

1. Nf3 d5 2. g3 Nf6 3. Bg2 e6 4. c4 Be7 5. d4 O-O 6. Qc2 c6 7. Nbd2 b5 8. b3 Na6
9. a3 Bb7 10. Bb2 bxc4 11. bxc4 c5 12. O-O dxc4 13. dxc5 Nxc5 14. Ng5 Bxg2 15.
Bxf6 g6 16. Nxf7 Rxf7 17. Bxe7 Qd5 18. Rfd1 Rxe7 19. Nf3 Bxf3 20. Rxd5 Bxd5 21.
f3 Nb3 22. Rb1 e5 23. Kf2 e4 24. f4 e3+ 25. Ke1 Nd2 26. Rb5 Rd8 27. Qc3 Bc6 28.
Re5 Rb7 29. Rxe3 Rb1+ 30. Kf2 Rf1# 0-1

[Event "Graz Casino Open 2014"]
[Site "Graz AUT"]
[Date "2014.02.16"]
[Round "3.25"]
[White "Dimitriadis, Michael"]
[Black "Wallner, Dieter"]
[Result "1/2-1/2"]
[WhiteElo "2094"]
[BlackElo "2085"]
[WhiteFideId "1614908"]
[BlackFideId "1604619"]
[EventDate "2014.02.14"]

1. d4 Nf6 2. Nf3 g6 3. c4 Bg7 4. Nc3 d6 5. e4 O-O 6. Be2 e5 7. O-O exd4 8. Nxd4
Re8 9. f3 Nc6 10. Be3 Nh5 11. Qd2 f5 12. Nxc6 bxc6 13. Bd3 Be5 14. f4 Bg7 15.
exf5 Bxf5 16. Bxf5 gxf5 17. Bd4 Nf6 18. Rae1 Qd7 19. Rxe8+ Rxe8 20. Re1 Rxe1+
21. Qxe1 c5 22. Bxf6 Bxf6 23. Qe2 c6 24. Nb1 Kf7 25. b3 Qe6 1/2-1/2

[Event "Graz Casino Open 2014"]
[Site "Graz AUT"]
[Date "2014.02.16"]
[Round "3.26"]
[White "Hocevar, Nikola"]
[Black "Luu, Duc Hai"]
[Result "0-1"]
[WhiteElo "2016"]
[BlackElo "1927"]
[WhiteFideId "14601524"]
[BlackFideId "12412228"]
[EventDate "2014.02.14"]

1. d4 Nf6 2. c4 g6 3. Nc3 Bg7 4. e4 d6 5. f3 O-O 6. Bg5 Nbd7 7. Qd2 c5 8. d5 Qa5
9. Nge2 a6 10. Nc1 Re8 11. Be2 b5 12. cxb5 axb5 13. Nxb5 Qb6 14. Be3 Ba6 15. a4
Rec8 16. O-O Qb7 17. Na2 c4 18. Nac3 Nc5 19. Nd4 Nb3 20. Nxb3 Qxb3 21. Bd4 Rab8
22. Rfb1 Nd7 23. Ra3 Qb4 24. Bxg7 Kxg7 25. Qd4+ Kg8 26. Qa7 Nc5 27. Qxe7 Nd3 28.
Bxd3 cxd3 29. Qa7 Rb6 30. a5 Qc5+ 31. Kh1 Rxb2 32. Qxc5 Rxb1+ 33. Qg1 Rxg1+ 34.
Kxg1 Rxc3 35. Rxc3 d2 0-1

[Event "Graz Casino Open 2014"]
[Site "Graz AUT"]
[Date "2014.02.16"]
[Round "3.27"]
[White "Jicman, Ligia-Letitia"]
[Black "von Lossow, Marcus"]
[Result "1-0"]
[WhiteTitle "WIM"]
[WhiteElo "2166"]
[BlackElo "1803"]
[WhiteFideId "1201581"]
[BlackFideId "12942090"]
[EventDate "2014.02.14"]

1. e4 e5 2. Nf3 Nc6 3. Bb5 Nf6 4. O-O Nxe4 5. Re1 Nd6 6. Ba4 Be7 7. Nxe5 O-O 8.
d4 Bg5 9. Nc3 Bxc1 10. Rxc1 Nxe5 11. dxe5 Nc4 12. Bb3 Na5 13. Bd5 Qg5 14. g3 Nc6
15. Bg2 b6 16. Nb5 Qd8 17. Bxc6 dxc6 18. Qxd8 Rxd8 19. Nxc7 Rb8 20. e6 fxe6 21.
Nxe6 Rd2 22. b3 Bxe6 23. Rxe6 c5 24. a4 Rb7 25. Kg2 Kf7 26. Re4 Rbd7 27. Rf4+
Kg8 28. Re1 h6 29. Re8+ Kh7 30. c3 Rc2 31. h4 g6 32. Rf3 Kg7 33. Rc8 Rf7 34.
Rxf7+ Kxf7 35. Rc7+ Kf6 36. c4 Rc3 37. Rxa7 Rxb3 38. a5 Rb4 39. axb6 Rxc4 40.
Rc7 Rb4 41. Rc6+ Kf7 42. Kf3 c4 43. Ke3 c3 44. Kd3 Rb1 45. Kc2 Rb2+ 46. Kxc3 Rb1
47. Kd4 Rd1+ 48. Ke5 Re1+ 49. Kd6 1-0

[Event "Graz Casino Open 2014"]
[Site "Graz AUT"]
[Date "2014.02.16"]
[Round "3.28"]
[White "Ernst, Michael"]
[Black "Szonyi, Bence"]
[Result "1-0"]
[WhiteElo "2163"]
[BlackElo "1699"]
[WhiteFideId "1618393"]
[BlackFideId "769304"]
[EventDate "2014.02.14"]

1. d4 Nf6 2. c4 e6 3. Nc3 Bb4 4. Qc2 O-O 5. a3 Bxc3+ 6. Qxc3 b6 7. e3 Bb7 8. f3
d5 9. b3 Nbd7 10. Bd3 c5 11. Ne2 cxd4 12. exd4 dxc4 13. bxc4 Re8 14. O-O e5 15.
Bb2 exd4 16. Nxd4 Nc5 17. Bc2 Rc8 18. Nf5 Rc7 19. Rad1 Rd7 20. Rxd7 Qxd7 21.
Nxg7 1-0

[Event "Graz Casino Open 2014"]
[Site "Graz AUT"]
[Date "2014.02.16"]
[Round "3.29"]
[White "Hoebarth, Guenter"]
[Black "Deutschmann, Robert Peter"]
[Result "0-1"]
[WhiteElo "1950"]
[BlackElo "2014"]
[WhiteFideId "1610198"]
[BlackFideId "1609785"]
[EventDate "2014.02.14"]

1. e4 c5 2. g3 g6 3. Bg2 Bg7 4. c3 Nc6 5. Ne2 e5 6. d3 Nf6 7. O-O d5 8. Nd2 O-O
9. Nb3 dxe4 10. Nxc5 exd3 11. Qxd3 Qe7 12. Nb3 Bf5 13. Qb5 Be4 14. f3 a6 15. Qc5
Bd3 16. Re1 Rac8 17. Qxe7 Nxe7 18. Nf4 exf4 19. Rxe7 fxg3 20. hxg3 Rfe8 21. Rxb7
Re1+ 22. Kh2 Nd5 23. Bd2 Re2 24. Re1 Rxe1 25. Bxe1 Ne3 26. Re7 Nc4 27. Bh3 f5
28. Nd4 Nxb2 29. Ne6 Bf6 30. Rb7 Na4 31. Bd2 Nxc3 32. Bg5 Be5 33. Re7 Bc4 34. f4
Bh8 35. Nc7 Ne4 36. Rxe4 Rxc7 37. Re8+ Kg7 38. a3 Bb5 39. Rb8 Rc2+ 40. Kg1 Re2
41. Bg2 Rd2 42. Bf3 h6 43. Bxh6+ Kxh6 44. Rxh8+ Kg7 45. Rb8 Rd3 46. Kf2 Rxa3 47.
Rb7+ Kh6 48. Bd5 Rd3 49. Bg8 Rd7 50. Rb6 Re7 51. Be6 Bd3 52. Rd6 Kh5 53. Bc8 Rc7
54. Rd8 Rc2+ 55. Ke3 Bb5 56. Bb7 Kg4 57. Rg8 Rc3+ 58. Kf2 Rc2+ 59. Ke3 Re2+ 60.
Kd4 Re6 61. Bd5 Rb6 62. Ke5 Kxg3 63. Be6 Rxe6+ 64. Kxe6 0-1

[Event "Graz Casino Open 2014"]
[Site "Graz AUT"]
[Date "2014.02.16"]
[Round "3.30"]
[White "Kersten, Julian"]
[Black "Lammer, Michael"]
[Result "1-0"]
[WhiteElo "1982"]
[BlackElo "1575"]
[WhiteFideId "1628542"]
[BlackFideId "1625101"]
[EventDate "2014.02.14"]

1. e4 e5 2. Nf3 Nc6 3. Nc3 d6 4. d4 exd4 5. Nxd4 Nxd4 6. Qxd4 Nf6 7. Bf4 Nh5 8.
Be3 c5 9. Qd2 Be7 10. O-O-O O-O 11. Qe2 g6 12. Bxc5 Qc7 13. Be3 Be6 14. f3 a6
15. g4 Ng7 16. h4 Qa5 17. Kb1 b5 18. Nd5 Rfe8 19. Qh2 Bxd5 20. Rxd5 Qe1+ 21. Bc1
Qa5 22. Bd3 Ne6 23. g5 Nc7 24. h5 Nxd5 25. hxg6 Nb4 26. Qxh7+ Kf8 27. g7# 1-0

[Event "Graz Casino Open 2014"]
[Site "Graz AUT"]
[Date "2014.02.16"]
[Round "3.31"]
[White "Li, Chao b"]
[Black "Aravindh, Chithambaram VR."]
[Result "1-0"]
[WhiteTitle "GM"]
[BlackTitle "FM"]
[WhiteElo "2697"]
[BlackElo "2381"]
[WhiteFideId "8604436"]
[BlackFideId "5072786"]
[EventDate "2014.02.14"]

1. d4 Nf6 2. Nf3 d5 3. g3 e6 4. Bg2 b5 5. O-O Nbd7 6. c3 a5 7. a4 b4 8. c4 Bb7
9. Ne5 c5 10. Bg5 Be7 11. cxd5 exd5 12. Nxd7 Nxd7 13. Bxe7 Qxe7 14. Nd2 O-O 15.
Rc1 Rac8 16. Re1 Rfd8 17. Nb3 c4 18. Nxa5 Ba8 19. e4 Qd6 20. exd5 Nb6 21. Nc6
Re8 22. Na7 Rcd8 23. a5 Nxd5 24. Rxc4 Qd7 25. Rc5 h5 26. Nb5 Nf6 27. Rxe8+ Rxe8
28. Nc7 Rc8 29. Bxa8 Rxc7 30. Rxc7 Qxc7 31. a6 h4 32. Bb7 hxg3 33. hxg3 Qa5 34.
Qc1 b3 35. Kg2 1-0

[Event "Graz Casino Open 2014"]
[Site "Graz AUT"]
[Date "2014.02.16"]
[Round "4.1"]
[White "Ragger, Markus"]
[Black "Freitag, Manfred"]
[Result "1-0"]
[WhiteTitle "GM"]
[BlackTitle "IM"]
[WhiteElo "2646"]
[BlackElo "2395"]
[WhiteFideId "1610856"]
[BlackFideId "1602004"]
[EventDate "2014.02.14"]

1. Nf3 Nf6 2. c4 g6 3. Nc3 Bg7 4. e4 d6 5. d4 O-O 6. Be2 e5 7. O-O exd4 8. Nxd4
Re8 9. f3 Nc6 10. Nc2 Nh5 11. Nd5 f5 12. g4 fxg4 13. fxg4 Be5 14. gxh5 Bxh2+ 15.
Kg2 Qh4 16. Qd3 Ne5 17. Qe3 Kh8 18. Rh1 Bh3+ 19. Kxh2 Rf8 20. Nf4 Bd7+ 21. Kg2
Qg5+ 22. Qg3 1-0

[Event "Graz Casino Open 2014"]
[Site "Graz AUT"]
[Date "2014.02.16"]
[Round "4.3"]
[White "Can, Emre"]
[Black "Li, Chao b"]
[Result "1/2-1/2"]
[WhiteTitle "GM"]
[BlackTitle "GM"]
[WhiteElo "2520"]
[BlackElo "2697"]
[WhiteFideId "6302181"]
[BlackFideId "8604436"]
[EventDate "2014.02.14"]

1. d4 d5 2. Nf3 Nf6 3. c4 c6 4. Nc3 dxc4 5. e3 b5 6. a4 b4 7. Nb1 Ba6 8. Be2 c5
9. Nbd2 c3 10. bxc3 bxc3 11. Nb1 Bxe2 12. Qxe2 cxd4 13. Nxd4 e5 14. Nb5 a6 15.
N5xc3 Bb4 16. Qc4 a5 17. Ba3 O-O 18. Bxb4 axb4 19. Qxb4 Na6 20. Qb5 Qc7 21. O-O
Rfd8 22. Qe2 e4 23. Nb5 Qe5 24. Nd2 Nc5 25. Nc4 Qg5 26. Nb2 Ng4 27. Rfd1 h5 28.
Rxd8+ Rxd8 29. h3 Ne5 30. Rd1 Rxd1+ 31. Qxd1 Nf3+ 32. Kh1 Qe5 33. gxf3 Qxb2 34.
Qd8+ Kh7 35. Qd5 Qxf2 36. Qxh5+ Kg8 37. Qxc5 1/2-1/2

[Event "Graz Casino Open 2014"]
[Site "Graz AUT"]
[Date "2014.02.16"]
[Round "4.4"]
[White "Ankit, R. Rajpara"]
[Black "Istratescu, Andrei"]
[Result "1/2-1/2"]
[WhiteTitle "IM"]
[BlackTitle "GM"]
[WhiteElo "2455"]
[BlackElo "2671"]
[WhiteFideId "5023335"]
[BlackFideId "1200372"]
[EventDate "2014.02.14"]

1. e4 c5 2. Nf3 e6 3. c3 d5 4. exd5 exd5 5. d4 Nc6 6. Bb5 Bd6 7. O-O Ne7 8. dxc5
Bxc5 9. Nbd2 O-O 10. Nb3 Bd6 11. Bg5 a6 12. Bd3 Bg4 13. Bh4 h6 14. Bg3 Bc7 15.
Bxc7 Qxc7 16. Be2 Ng6 17. Nfd4 Bxe2 18. Nxe2 Rad8 19. Re1 Nce5 20. Nbd4 Nc4 21.
Qc2 Qb6 22. b3 Nd6 23. Nf5 Nxf5 24. Qxf5 Rfe8 25. Nf4 Nxf4 26. Qxf4 Qa5 27. Qd2
Rxe1+ 28. Rxe1 d4 29. Rd1 d3 30. c4 Qe5 31. Qe3 Qb2 32. Qd2 Qf6 33. h3 h5 34.
Qe3 Qf5 35. h4 g6 36. Rd2 Kg7 37. f3 Rd6 38. Kf2 Qd7 39. Qe5+ Kh7 40. Qe3 a5 41.
Qe4 a4 42. bxa4 Qxa4 43. c5 Rd4 44. Qxb7 Rf4 45. Rxd3 Rf5 46. Qe7 Qc2+ 47. Qe2
Qxc5+ 48. Qe3 Qc4 49. Qd4 Qxa2+ 50. Rd2 Qa8 51. Qd8 Qa7+ 52. Qd4 Rc5 53. Re2 Qb6
54. Rd2 Qc7 55. Qd6 Qa7 56. Qd4 Qb6 57. Re2 Qc6 58. Re7 Rf5 59. Rd7 1/2-1/2

[Event "Graz Casino Open 2014"]
[Site "Graz AUT"]
[Date "2014.02.16"]
[Round "4.5"]
[White "Haznedaroglu, Kivanc"]
[Black "Kozul, Zdenko"]
[Result "1-0"]
[WhiteTitle "GM"]
[BlackTitle "GM"]
[WhiteElo "2437"]
[BlackElo "2588"]
[WhiteFideId "6300634"]
[BlackFideId "14502879"]
[EventDate "2014.02.14"]

1. e4 c5 2. Nf3 d6 3. d4 cxd4 4. Qxd4 a6 5. h3 Nf6 6. Be2 Nc6 7. Qe3 d5 8. e5
Ne4 9. Nbd2 Bf5 10. O-O e6 11. Nxe4 dxe4 12. Rd1 Qc7 13. Nd4 Nxd4 14. Qxd4 b5
15. Be3 Be7 16. c4 b4 17. Qb6 Qxb6 18. Bxb6 Bg5 19. Bc5 Bf4 20. Bd6 h5 21. g3
Bh6 22. Kg2 a5 23. b3 e3 24. Bf3 Ra6 25. c5 Kd7 26. Bb7 Rc6 27. Bb8+ Ke7 28.
Bxc6 Rxb8 29. Rd7+ Kf8 30. Bf3 Rc8 31. c6 Ke8 32. Ra7 exf2 33. Kxf2 Bd2 34. Rd1
Bc3 35. c7 Bxe5 36. Rd8+ Rxd8 37. Bc6+ 1-0

[Event "Graz Casino Open 2014"]
[Site "Graz AUT"]
[Date "2014.02.16"]
[Round "4.6"]
[White "Baldauf, Marco"]
[Black "Felgaer, Ruben"]
[Result "0-1"]
[WhiteTitle "FM"]
[BlackTitle "GM"]
[WhiteElo "2396"]
[BlackElo "2569"]
[WhiteFideId "4688210"]
[BlackFideId "107069"]
[EventDate "2014.02.14"]

1. d4 d5 2. c4 c6 3. Nc3 dxc4 4. e4 b5 5. a4 b4 6. Nce2 e6 7. Nf3 Ba6 8. Ng3 c5
9. d5 exd5 10. exd5 Nf6 11. Bg5 Qxd5 12. Qxd5 Nxd5 13. O-O-O h6 14. Re1+ Be7 15.
Bxe7 Nxe7 16. Nf5 Nc6 17. Nd6+ Kf8 18. Ne5 Nxe5 19. Rxe5 Rd8 20. Nxc4 Rd5 21.
Rxd5 Nxd5 22. Ne5 Bxf1 23. Rxf1 Ke7 24. Re1 Ra8 25. Kc2 f6 26. Nc4+ Kf8 27. Kb3
Nf4 28. g3 Nd3 29. Rd1 Nxf2 30. Rd7 Ne4 31. Ne3 Re8 32. Kc4 Re5 33. Rxa7 Nd6+
34. Kd3 c4+ 35. Kd4 Re4+ 36. Kd5 Rxe3 37. Kxd6 Re2 38. Rc7 Rxh2 39. Rxc4 Rxb2
40. Kc5 b3 41. Rb4 Ra2 42. Kb6 b2 43. a5 h5 44. a6 g5 45. a7 h4 46. gxh4 gxh4
47. Kc5 Rxa7 48. Rxb2 Rh7 49. Kd4 h3 50. Rh2 Kf7 51. Ke4 Kg6 52. Kf4 Rh4+ 53.
Kf3 Kf5 54. Kf2 Kf4 55. Kg1 Rg4+ 56. Kh1 Rg3 57. Ra2 Rf3 58. Kh2 Kg4 59. Ra8
Rf2+ 60. Kg1 Rg2+ 61. Kh1 Re2 62. Rg8+ Kf4 63. Rh8 Re3 64. Kh2 f5 65. Rf8 Kg4
66. Rg8+ Kf3 67. Rg3+ Ke2 68. Rg5 f4 69. Ra5 f3 70. Ra2+ Kf1 71. Kg3 f2+ 72. Kh2
Ke1 73. Rb2 f1=Q 74. Rb1+ Kf2 75. Rxf1+ Kxf1 0-1

[Event "Graz Casino Open 2014"]
[Site "Graz AUT"]
[Date "2014.02.16"]
[Round "4.7"]
[White "Bachmann, Axel"]
[Black "Froewis, Georg"]
[Result "1-0"]
[WhiteTitle "GM"]
[BlackTitle "IM"]
[WhiteElo "2577"]
[BlackElo "2437"]
[WhiteFideId "3700488"]
[BlackFideId "1618423"]
[EventDate "2014.02.14"]

1. Nf3 d5 2. d4 Nf6 3. c4 c6 4. e3 Bg4 5. Nc3 e6 6. Qb3 Qb6 7. Nh4 Bh5 8. h3 g5
9. g4 gxh4 10. gxh5 Rg8 11. Qc2 Nbd7 12. Bd2 Bb4 13. O-O-O Bxc3 14. Bxc3 Ne4 15.
Be1 f5 16. Kb1 Ndf6 17. cxd5 cxd5 18. Rc1 Rg7 19. Qa4+ Kf7 20. h6 Rgg8 21. Ba5
Qd6 22. Rc7+ Kg6 23. Rxb7 Rgc8 24. f3 Ng3 25. Rg1 Kxh6 26. Bd3 Ngh5 27. Rg2 Rg8
28. Bc7 Qf8 29. Qc2 a6 30. Be5 Qe8 31. Rxg8 Qxg8 32. Qf2 Qg5 33. Re7 Rg8 34.
Rxe6 Qg1+ 35. Qxg1 Rxg1+ 36. Kc2 Kg6 37. Bxf6 Nxf6 38. Re5 1-0